LEADER 00896nam a2200253 i 4500 001 000000157635 003 CaOOAMICUS 005 20070115000000.0 008 070115s1980 it u000 u ita u 013 $a134991 040 $aSeMil$bita 100 1 $aMasina, Ettore,$d<1928-2017>.$0(OLS)http://semarc/name/89249 245 13$aIl Dio in ginocchio /$cEttore Masina. 260 $aMilano :$bRusconi,$c1980. 300 $a135 p. ;$c22 cm. 490 0 $aDimensione religiosa 500 $aFondo Card. Giovanni Colombo. 830 0$aDimensione religiosa.$0(OLS)http://semarc/title/7299 850 $aSeMil 852 $aSeMil$W1$xVenegono$y1$m2C V 2$j262482$B109313$CSeMilBibl$Z2$F118826 $81 941 1 $a3 961 $aLascito: Colombo Card. Giovanni 996 $6245$aIl Dio in ginocchio$9(OLS)http://semarc/title/231193 996 $6260$aMilano :$bRusconi$9(OLS)http://semarc/publisher/30258 LEADER 01384nam a2200289 4500 001 000000351939 003 CaOOAMICUS 005 20221104101345.0 008 221019s1970 it 000 u ita r 040 $aSeMil$bita 100 1 $aMarx, Karl,$d<1818-1883>.$0(OLS)http://semarc/name/539 240 10$aÖkonomisch-philosophische Manuskripte aus dem Jahre 1844.$0(OLS)http://semarc/title/441738 245 10$aManoscritti economico-filosofici del 1844 /$cKarl Marx ; prefazione e traduzione di Norberto Bobbio. 250 $aNuova edizione 264 1$aTorino :$bEinaudi,$c1970. 300 $aXIX, 188 p. ;$c19 cm 490 1 $aNuova Universale Einaudi ;$v92 650 4$aMarx, Karl <1818-1883> - Pensiero economico.$0(OLS)http://semarc/subject/4974 650 4$aMarx, Karl <1818-1883> - Opere.$0(OLS)http://semarc/subject/4972 700 1 $aBobbio, Norberto,$d<1909-2004>.$0(OLS)http://semarc/name/1206 830 0$aNuova universale Einaudi ;$v92.$0(OLS)http://semarc/title/6901 850 $aSeMil 852 $aSeMil$W1$xVenegono$y1$m3N I 767$j235541$B243118$CSeMilBibl$Z2$F243118 $81 961 $aVitali Nicolò - Lascito. -- Con firma autografa di Nicolò Vitali 996 $6245$aManoscritti economico-filosofici del 1844$9(OLS)http://semarc/title/346772 996 $6264$aTorino :$bEinaudi$9(OLS)http://semarc/publisher/29884